|
|
|
|
| LEADER |
00000nab a2200000 a 4500 |
| 001 |
vtls011132432 |
| 003 |
SK-MaSNL |
| 005 |
20260303151035.0 |
| 008 |
230222|1996 xo |||||||||||||||||slo| |
| 015 |
|
|
|a SNBRB
|
| 035 |
|
|
|a (uuid)5262677c-4add-492c-9f38-b85ccc3072ae
|
| 035 |
|
|
|a (urnnbn)urn:nbn:sk:snk:ar-a09mmn
|
| 035 |
|
|
|a urn:nbn:sk:snk-abaa9q
|
| 040 |
|
|
|a SNKBUCL
|b slo
|c SNKBUCL
|e AACR2
|
| 041 |
0 |
|
|a slo
|
| 044 |
|
|
|a xo
|c SK
|
| 100 |
1 |
|
|a Piecka, Milan
|4 aut
|9 708604
|
| 245 |
1 |
0 |
|a POPIS CIEĽOV PRE POTREBY DELOSTRELECKEJ PAĽBY
|c Milan Piecka
|
| 773 |
0 |
|
|t Zborník Vojenskej akadémie Slovenského národného povstania
|g Roč. 3, č. 4 (1996), s. 53-65
|
| 954 |
|
|
|a odborná, vedecká literatúra pôvodná (slovenská)
|2 lita
|
| 958 |
|
|
|a OND
|
| 958 |
|
|
|a EUIPO
|
| 958 |
|
|
|a article13
|
| 999 |
|
|
|c 2015461
|d 2017391
|